LEADER 00954nam0-22003131i-450- 001 990002038090403321 005 20021010 035 $a000203809 035 $aFED01000203809 035 $a(Aleph)000203809FED01 035 $a000203809 100 $a20021010d--------km-y0itay50------ba 101 0 $aita 200 1 $aMosquitoes of New York$ePart 1. the genus Aedes Meigen$eWith identification keys to genera of Culicidae$fRobert G.Means 210 $aAlbany$cUniversity of the State of New York$d1979 215 $a221 p.$d28 cm 300 $aEstr. da : Bulletin. New York State Museum ; 430a 610 0 $aDitteri 610 0 $aDiptera, Culicidae 676 $a595.77 700 1$aMeans,$bRobert G.$086699 801 0$aIT$bUNINA$gRICA$2UNIMARC 901 $aBK 912 $a990002038090403321 952 $a61 V C.9/141$b5939 (15/11/96)$fDAGEN 959 $aDAGEN 996 $aMosquitoes of New York$9407431 997 $aUNINA DB $aING01 LEADER 01323nam2-2200433li-450- 001 990000225730203316 005 20091103090937.0 010 $a0-444-89740-2 035 $a0022573 035 $aUSA010022573 035 $a(ALEPH)000022573USA01 035 $a0022573 100 $a19940422d1993----km-y0itay50------ba 101 0 $aeng 102 $aNL 200 1 $aDimension and extensions$fJ. M. Aarts, T. Nishiura 210 $aAmsterdam [etc.]$cNorth-Holland$d1993 215 $aXII, 331 p.$cill.$d22 cm 225 2 $aNorth-Holland mathematical library$v48 410 0$1001000334263$12001$aNorth-Holland mathematical library$v48 610 1 $aSpazio topologico 676 $a514.32 700 1$aAARTS,$bJ. M.$060576 702 1$aNISHIURA,$bT. 801 $aIT$bsalbc$gISBD 912 $a990000225730203316 951 $a510 NHM (48)$b15808/CBS$c510$d00111463 959 $aBK 969 $aSCI 979 $c19940422 979 $c20001110$lUSA01$h1714 979 $aPATTY$b90$c20020228$lUSA01$h1255 979 $aALANDI$b90$c20020328$lUSA01$h1557 979 $c20020403$lUSA01$h1630 979 $aPATRY$b90$c20040406$lUSA01$h1616 979 $aANNAMARIA$b90$c20070117$lUSA01$h1329 979 $aRSIAV6$b90$c20091103$lUSA01$h0909 996 $aDimension and extensions$9882219 997 $aUNISA LEADER 01635nam 2200565 450 001 9910478891103321 005 20201016235141.0 010 $a2-7606-2448-X 035 $a(CKB)2470000000002214 035 $a(EBL)3248817 035 $a(SSID)ssj0000734520 035 $a(PQKBManifestationID)11466294 035 $a(PQKBTitleCode)TC0000734520 035 $a(PQKBWorkID)10723294 035 $a(PQKB)10856422 035 $a(MiAaPQ)EBC4750063 035 $a(CaPaEBR)407133 035 $a(CaBNvSL)slc00207727 035 $a(MiAaPQ)EBC3248817 035 $a(PPN)233379169 035 $a(EXLCZ)992470000000002214 100 $a20161213h20052005 uy 0 101 0 $afre 135 $aur|n|---||||| 181 $ctxt 182 $cc 183 $acr 200 10$aArythmie cardiaque $eguide d'apprentissage /$fManuel Dominguez et Marc Dubuc 210 1$aMontre?al, Quebec :$cPresses de l'Universite? de Montre?al,$d2005. 210 4$dİ2005 215 $a1 online resource (151 p.) 300 $aDescription based upon print version of record. 311 $a2-7606-1952-4 320 $aIncludes bibliographical references. 606 $aArrhythmia 606 $aElectrocardiography 606 $aArrhythmia$xDiagnosis 608 $aElectronic books. 615 0$aArrhythmia. 615 0$aElectrocardiography. 615 0$aArrhythmia$xDiagnosis. 676 $a616.1/28 700 $aDominguez$b Manuel$0933013 801 0$bMiAaPQ 801 1$bMiAaPQ 801 2$bMiAaPQ 906 $aBOOK 912 $a9910478891103321 996 $aArythmie cardiaque$92100043 997 $aUNINA